LEADER 01681nam a2200349 i 4500 001 991002100819707536 005 20020503161122.0 008 950925s1993 it ||| | ita 020 $a8885979068 035 $ab10316693-39ule_inst 035 $aEXGIL97470$9ExL 040 $aBiblioteca Interfacoltà$bita 082 04$a013.042 245 00$aCatalogo retrospettivo della scrittura femminile /$cOlga Silvana Casale, Laura Facecchia, Alessandro Laporta, Anna Cofano Andriolo 260 $aLecce :$bConte,$c1993 300 $axx, 138, [15] p. di tav. ;$c24 cm. 490 0 $aBiblioteca provinciale Nicola Bernardini ;$v3 650 4$aScrittrici italiane$xCataloghi 700 1 $aCofano Andriolo, Anna 700 1 $aFacecchia, Laura$eauthor$4http://id.loc.gov/vocabulary/relators/aut$0162739 700 1 $aLaporta, Alessandro 700 1 $aCasale, Olga Silvana$eauthor$4http://id.loc.gov/vocabulary/relators/aut$0174771 907 $a.b10316693$b17-02-17$c27-06-02 912 $a991002100819707536 945 $aLE008 LLI V E 63$g1$i2008000283216$lle008$o-$pE0.00$q-$rl$s- $t0$u0$v0$w0$x0$y.i10373214$z27-06-02 945 $aLE002 SB 013.042 CAT 945 $aLE002 Bibl. VII C 14$g1$iLE002-17524N$lle002$o-$pE0.00$q-$rn$so $t0$u0$v0$w0$x0$y.i10373202$z27-06-02 945 $aLE002 A Bibl. IX B 35$g2$i2002000253002$lle002$o-$pE0.00$q-$rl$s- $t0$u1$v0$w1$x0$y.i12828968$z07-11-03 945 $aLE008 LLI V E 63 c. 2 $g2$i2008000282936$lle008$o-$pE0.00$q-$rl$s- $t0$u0$v0$w0$x0$y.i15656160$z30-01-15 996 $aCatalogo retrospettivo della scrittura femminile$91445567 997 $aUNISALENTO 998 $ale008$ale002$b01-01-95$cm$da $e-$fita$git $h0$i2 LEADER 01764oam 2200469M 450 001 9910716294803321 005 20200213070957.8 035 $a(CKB)5470000002519173 035 $a(OCoLC)1065630230 035 $a(OCoLC)995470000002519173 035 $a(EXLCZ)995470000002519173 100 $a20071213d1926 ua 0 101 0 $aeng 135 $aurcn||||||||| 181 $ctxt$2rdacontent 182 $cc$2rdamedia 183 $acr$2rdacarrier 200 10$aConsideration of H.R. 11284 -- to provide for an aircraft procurement board. June 9, 1926. -- Referred to the House Calendar and ordered to be printed 210 1$a[Washington, D.C.] :$c[U.S. Government Printing Office],$d1926. 215 $a1 online resource (1 pages) 225 1 $aHouse report / 69th Congress, 1st session. House ;$vno. 1421 225 1 $a[United States congressional serial set] ;$v[serial no. 8537] 300 $aBatch processed record: Metadata reviewed, not verified. Some fields updated by batch processes. 300 $aFDLP item number not assigned. 606 $aAdvisory boards 606 $aAirplanes 606 $aAircraft accidents 606 $aGovernment purchasing 608 $aLegislative materials.$2lcgft 615 0$aAdvisory boards. 615 0$aAirplanes. 615 0$aAircraft accidents. 615 0$aGovernment purchasing. 701 $aSnell$b Bertrand Hollis$f1870-1958$pRepublican (NY)$01388514 801 0$bWYU 801 1$bWYU 801 2$bOCLCO 801 2$bOCLCQ 906 $aBOOK 912 $a9910716294803321 996 $aConsideration of H.R. 11284 -- to provide for an aircraft procurement board. June 9, 1926. -- Referred to the House Calendar and ordered to be printed$93524100 997 $aUNINA LEADER 00939nam0-2200265 --450 001 9910800395403321 005 20240205161410.0 100 $a20240205d1963----kmuy0itay5050 ba 101 0 $aeng 102 $aNL 105 $aa 001yy 200 1 $aSymptoms of virus diseases in plants$ewith the indexes of names in english, dutch, german, french, and italian and 41 illustration$fL. Bos 210 $aWageningen$cCentre for Agricultural Publications and Documentations$d1963 215 $a132 p.$cill.$d20 cm 300 $aIn testa al front.: Institute for Phytopathological Research, Wageningen. 610 0 $aPatologia vegetale 676 $a581.222$v20$zita 700 1$aBos,$bLuite$f<1928-2010>$0308196 801 0$aIT$bUNINA$gREICAT$2UNIMARC 901 $aBK 912 $a9910800395403321 952 $aA PAT 1334$b1347/2024$fFAGBC 959 $aFAGBC 996 $aSymptoms of Virus Diseases in Plants$9373641 997 $aUNINA